[Event "Yerevan zt 1.5"]
[Site "Yerevan"]
[Date "2000.06.15"]
[Round "9"]
[White "Aronian, Levon"]
[Black "Gurcan, Selim"]
[Result "1-0"]
[WhiteElo "2587"]
[BlackElo "2307"]
[Annotator "Ftacnik,L"]
[PlyCount "51"]
[EventDate "2000.06.07"]
[EventType "swiss"]
[EventRounds "9"]
[EventCountry "ARM"]
[SourceTitle "CBM 078"]
[Source "ChessBase"]
[SourceDate "2000.10.18"]
[SourceVersion "1"]
[SourceVersionDate "2000.10.18"]
[SourceQuality "1"]

1. e4 c5 2. Nf3 d6 3. d4 cxd4 4. Nxd4 Nf6 5. Nc3 e6 6. g4 h6 7. h3 Nc6 8. Be3
Bd7 9. f4 Be7 10. Qf3 Nxd4 11. Bxd4 Bc6 12. O-O-O Qa5 (12... g5 $2 13. Bb5 $16)
13. Kb1 Rc8 (13... e5 14. Be3 exf4 (14... Nxe4 15. Nxe4 d5 16. Nf2 d4 17. Bd2
Qxa2+ 18. Kxa2 Bxf3 19. fxe5 $16) 15. Bxf4 O-O 16. h4 $1 $40) 14. Rg1 b5 (14...
e5 $5 15. Be3 exf4 16. Bxf4 Qb4 17. Bd3 Nd7 $13) 15. g5 hxg5 16. Rxg5 e5 $6 {
Black's plan is too ambitious, white has control of the 5th row and better
coordination of the pieces.} (16... Nxe4 $6 17. Nxe4 Bxe4 (17... Bxg5 18. Nxd6+
Ke7 19. Qe3 Rcd8 20. Bc5 $18) 18. Qxe4 Bxg5 19. fxg5 $18) (16... Rb8 $5 17. Bd3
g6 18. Qe3 a6 $13) 17. fxe5 b4 (17... Nxe4 18. Nxe4 Bxe4 (18... Bxg5 19. Nxd6+
Kd8 20. Qf5 $18) 19. Qxe4 Bxg5 20. Qf5 $18) 18. Qf5 (18. exf6 $5 Qxg5 19. fxg7
Rg8 20. Bc4 Rxg7 (20... bxc3 21. Qxf7+ Kd7 22. Be6+ Kc7 23. Bxc8 Rxc8 24. Rg1
Qh4 25. Bxc3 $18) 21. Bxg7 Qxg7 22. Nd5 $16) (18. Rxg7 dxe5 19. Nd5 Bxd5 20.
exd5 exd4 $15) 18... Bd7 (18... Rb8 19. exf6 Qxf5 20. fxg7 Rg8 21. Rxf5 bxc3
22. Bxc3 $18) 19. Bb5 $1 {[%mdl 128] Excellent shot, that throw the spanner in
the black's works. All white pieces are participating in the attack while
black king still sits on e8.} bxc3 (19... g6 20. Bxd7+ (20. Qf2 bxc3 21. exf6
Bxb5 22. fxe7 Qb4 23. Bxc3 $1 Rxc3 24. Qxa7 Rc8 (24... Rxc2 25. Qb8+ Kxe7 26.
Qxh8 $18) 25. Qb7 $18) 20... Nxd7 21. Qxd7+ Kxd7 22. e6+ Kxe6 23. Rxa5 bxc3 24.
Bxh8 Rxh8 25. Rd3 $16) (19... Qxb5 20. Nxb5 Bxf5 21. exf6 (21. Rxf5 Nxe4 22.
exd6 Nxd6 23. Nxd6+ Bxd6 24. Rf3 $16 (24. Bxg7 Rxh3 25. Re1+ Kd8 26. Rxf7 $14))
21... Bxe4 22. Re1 gxf6 23. Rxe4 fxg5 24. Bxh8 Kd7 25. Bg7 Rg8 26. Bd4 $18) 20.
exf6 Qxb5 $8 21. Qxb5 Bxb5 22. fxg7 (22. fxe7 Bc6 23. Bxg7 Rxh3 24. Bf6 $18)
22... Rg8 23. Rxb5 cxb2 24. Rb7 f6 25. Rg1 a5 (25... Kf7 26. Rxa7 Rce8 27. a4
Rxg7 28. Rxg7+ Kxg7 29. Kxb2 $18) 26. Rg6 (26. Rg6 a4 (26... Kf7 27. Rxf6+) 27.
Kxb2 Rc4 28. c3 $18) 1-0

[Event "FIDE-Wch"]
[Site "San Luis"]
[Date "2005.09.30"]
[Round "3"]
[White "Polgar, Judit"]
[Black "Kasimdzhanov, Rustam"]
[Result "1-0"]
[WhiteElo "2735"]
[BlackElo "2670"]
[Annotator "Ftacnik,L"]
[PlyCount "83"]
[EventDate "2005.09.28"]
[EventType "tourn"]
[EventRounds "14"]
[EventCountry "ARG"]
[EventCategory "20"]
[SourceTitle "CBM 110"]
[Source "ChessBase"]
[SourceDate "2006.01.31"]
[SourceVersion "1"]
[SourceVersionDate "2006.01.31"]
[SourceQuality "1"]

1. e4 c5 2. Nf3 d6 3. d4 cxd4 4. Nxd4 Nf6 5. Nc3 a6 6. Be3 e6 7. g4 e5 8. Nf5
g6 9. g5 gxf5 10. exf5 d5 11. Qf3 d4 12. O-O-O Nbd7 13. Bxd4 exd4 14. Rxd4 (14.
Bc4 Qc7 15. Rhe1+ Kd8 16. Rxd4 Bc5 17. Rd3 Re8 18. Red1 Nh5 19. Bxf7 Qf4+ 20.
Kb1 Qxf3 21. Rxf3 {1-0 Farago,S-Habibi,A/Budapest 1994/ (58)}) 14... Bg7 $146 {
[%mdl 1024] Modern chess has many different faces. This irrational position
features attampt to compensate the absence of two light pieces with activity
and three pawns.} (14... Bc5 15. Rd2 Qc7 (15... O-O 16. gxf6 Qxf6 17. Rg1+ Kh8
18. Ne4 Qe7 19. f6 Nxf6 20. Nxc5 Bg4 21. Qe3 Rae8 22. Qxe7 Rxe7 23. Bg2 {
1-0 Firt,S-Sobek,J/Czechia 1996/ (54)}) 16. gxf6 Nxf6 17. Bc4 Be7 18. Bb3 O-O
19. Re1 Kh8 20. Qe3 Bd8 21. Qd4 Bxf5 {0-1 Pulkkinen,K-Oll,L/Helsinki 1990/ (28)
}) 15. Rg1 Kf8 (15... O-O 16. gxf6 Qxf6 17. Rdg4 $18) 16. Qe3 Qe7 (16... b6 17.
Bg2 Rb8 18. Re1 $36) 17. Qd2 (17. Qxe7+ Kxe7 18. gxf6+ Bxf6 19. Nd5+ Ke8 20.
Re4+ Kd8 21. Bh3 $13) 17... h6 {Kasimdzhanov forces a crises with his pawn
move, Polgar is forced to finally consumate one piece.} (17... Rg8 $5 18. Bg2
Qd8 $13) 18. gxf6 Nxf6 (18... Bxf6 19. Nd5 Qe5 20. Nxf6 Qxf6 21. Rg3 $18) (
18... Qxf6 19. Rd6 (19. Rxd7 $6 Bxd7 20. Qxd7 Qd4 21. Qxd4 Bxd4 22. Ne4 Re8 23.
Bd3 Rg8 $15) 19... Qe7 (19... Qxf5 $2 20. Rd3 $1 Qe6 21. Bh3 f5 22. Rf3 $18)
20. Rg3 $40) 19. Rd8+ Ne8 20. Bb5 (20. Bh3 Bf6 21. Rd3 Qb4 $13) 20... axb5 21.
Re1 b4 (21... Bf6 22. Rxe7 Bxe7 23. Qd4 f6 24. Nxb5 Bxd8 25. Qxd8 Kf7 $16) (
21... Be5 22. f4 f6 (22... Bxf4 23. Rxe8+ $18) 23. fxe5 fxe5 24. Qd5 $18) (
21... Bf6 22. Rxe7 Bxe7 23. Qd4 Bxd8 24. Qxh8+ Ke7 25. Qxh6 $18) 22. Nb5 $2 (
22. Rxe8+ $1 Kxe8 (22... Qxe8 23. Qd6+ $18) 23. Rxe7+ Kxe7 24. Nd5+ $18) 22...
Bxb2+ $2 {In sharp positions it is very typical that both players will ignore
some more or less hidden tactical possibilty. The exworld champion could have
played much better with 22...Be5! winning time for inclusion of his rook via
a2.} (22... Be5 $1 23. f4 $140 Rxa2 24. Kb1 Rxb2+ 25. Kc1 Bxf5 26. Rxe5 Rxc2+
27. Qxc2 Bxc2 28. Rxe8+ Qxe8 29. Rxe8+ Kxe8 30. Kxc2 Kd7 $19) 23. Kxb2 Qf6+ 24.
Qd4 Kg7 (24... Qxd4+ 25. Nxd4 Kg7 26. Rexe8 $18) 25. Rexe8 Rxe8 26. Rxe8 Qxd4+
27. Nxd4 {The otcoume of the risky undertaking is very encouraging for white.
Polgar enjoyes an extra pawn and terrible pin along the 8th rank.} Kf6 (27...
b6 28. Kb3 Ra3+ 29. Kxb4 Ra4+ 30. Kxa4 Bd7+ 31. Kb4 Bxe8 32. c4 Kf6 33. f4 Bd7
34. a4 $18) 28. f4 b6 29. Rd8 Bb7 30. Rxa8 (30. Rd6+ Kg7 31. Rxb6 Bd5 32. Rb5
Bxa2 33. Rxb4 $18) 30... Bxa8 31. Kb3 Bd5+ 32. Kxb4 Bxa2 33. Kb5 Bb1 34. c3 $1
{Excellent and very logical move, lady is saving the c pawn for later advance
towards the promotion square.} (34. Kxb6 $2 Bxc2 35. Nxc2 Kxf5 $132) 34... Ke7
(34... Bxf5 35. Nxf5 Kxf5 36. Kxb6 Kxf4 37. c4 f5 38. c5 $18) 35. Kxb6 Kd6 36.
c4 Bd3 37. c5+ Kd5 38. Nc6 $1 Ke4 (38... Bxf5 39. Ne7+ $18) 39. Ne7 Bc2 (39...
Kxf4 40. c6 $18) 40. c6 Ba4 41. c7 Bd7 42. Kc5 (42. Kc5 Kxf4 43. Kd6 $18) 1-0

[Event "Zuerich Chess Challenge"]
[Site "Zuerich"]
[Date "2013.02.25"]
[Round "3"]
[White "Anand, Viswanathan"]
[Black "Gelfand, Boris"]
[Result "1/2-1/2"]
[WhiteElo "2780"]
[BlackElo "2740"]
[Annotator "Ftacnik,L"]
[PlyCount "83"]
[EventDate "2013.02.23"]
[EventType "tourn"]
[EventRounds "6"]
[EventCountry "SUI"]
[EventCategory "21"]
[SourceTitle "CBM 153"]
[Source "ChessBase"]
[SourceDate "2013.03.14"]
[SourceVersion "1"]
[SourceVersionDate "2013.03.14"]
[SourceQuality "1"]

1. e4 c5 2. Nf3 d6 3. d4 cxd4 4. Nxd4 Nf6 5. Nc3 a6 6. h3 e6 7. g4 d5 {The old
strategic maxim indicates that it is often very sensible to meet a flank
attack by the opponent with a counterblow in the centre. The drawback of this
continuation lies in the fact that Black is slightly behind in development. On
the other hand White's pawn structure on the kingside is exposed, so
counterplay will nearly always be possible.} 8. exd5 Nxd5 9. Nde2 h5 $5 {
The pawn advance to h5 is becoming a problem for White in lines where he wants
to achieve the g2-g4 thrust. It does not have to be only preemptive like in 6.
h3 e5 7.Nde2 h5!?, here it serves a bit different purpose.  Of all the other
moves tested in our position 9...Nxc3 is faring the worst while 9...Qa5 feels
like a bit of a concession. Black players have invested a lot of energy into
the idea 9...Bb4 with fairly decent results. Gelfand has prepared excellently
for the World Championship match against Anand and his solution with 9...h5!?
might very well be the fruit of his serious work.} (9... Bb4 10. Bg2 O-O (10...
Nc6 11. O-O Nxc3 12. Nxc3 Qc7 13. Qf3 O-O (13... Bd6 14. Ne4 Be7 15. Bf4 e5 16.
Be3 O-O 17. Qg3 Nb4 18. f4 exf4 19. Bxf4 Qxc2 20. Rac1 Qd3 21. a3 Qxg3 22. Bxg3
Nc6 23. Bd6 $11 {1/2 (33) Vachier Lagrave,M (2705)-Le Quang,L (2703) Saint
Louis 2012}) 14. Bf4 e5 15. Nd5 Qa5 16. Be3 Bc5 17. c3 Bxe3 18. Qxe3 Be6 19. b4
Qd8 20. Rad1 $16 {1-0 (72) Van Kampen,R (2570)-Donchenko,A (2401) Groningen
2012}) 11. O-O {This line was considered to be critical for the outcome of the
opening fight. Black can choose between two forms of exchanging the knight c3
with both moves able to claim some merit.} Nxc3 (11... Bxc3 12. Nxc3 Nxc3 13.
bxc3 Qc7 (13... Qa5 14. Qd6 Nc6 15. Bxc6 bxc6 16. Ba3 Re8 17. Bb4 Qa4 18. Rad1
c5 19. Bxc5 Bb7 $15 {1/2 (46) Vachier Lagrave,M (2699)-Gordon,S (2535) England
2012}) 14. Qd4 e5 15. Qe3 Be6 16. Rb1 Nc6 17. Qb6 Qxb6 18. Rxb6 Na5 19. Ba3
Rfd8 20. Bb4 Nc6 21. Rxb7 Nxb4 22. cxb4 Rac8 $11 {1/2 (50) Vachier Lagrave,M 
(2711)-Negi,P (2638) Leon 2012}) 12. Nxc3 Qc7 (12... Nc6 $6 13. Qxd8 Rxd8 14.
Na4 e5 15. c3 Be7 16. Nb6 Rb8 17. Nxc8 Rbxc8 18. Be3 Kf8 19. Rfd1 $14 {1-0 (47)
Alekseev,E (2716)-Karjakin,S (2721) Nalchik 2009}) 13. Qd4 (13. Ne4 Nc6 14. c3
Be7 15. f4 f5 16. gxf5 Rxf5 17. Be3 Bd7 18. Qd3 Rd8 19. b4 Be8 20. Qc4 Bf7 $11
{1/2 (24) Shirov,A (2714)-Vachier Lagrave,M (2722) Biel 2011}) 13... Nc6 (13...
Bd6 14. Ne4 Be7 15. Be3 Bd7 16. Qb6 Qxb6 17. Bxb6 Bc6 18. c4 Nd7 19. Bd4 $11 {
0-1 (63) Pikula,D (2547)-Georgiev,K (2675) Cetinje 2010}) 14. Qc4 Rd8 15. Be3
Bd7 16. Qb3 Ba5 17. Na4 Rab8 18. Nc5 Be8 19. Rfd1 h6 20. c3 Qc8 21. Ne4 $14 {
0-1 (41) Howell,D (2634)-Kraemer,M (2520) Germany 2013}) (9... Qa5 10. Bg2 (10.
Bd2 Nc6 11. Bg2 Nxc3 12. Bxc3 Bb4 13. Qd2 O-O 14. Bxc6 Bxc3 15. Qxc3 Qxc3+ 16.
Nxc3 bxc6 17. O-O-O c5 18. Na4 Bb7 19. Rhe1 Rac8 20. Re3 $14 {1/2 (57) Fierro
Baquero,M (2386)-Sebag,M (2519) Nanjing 2009}) 10... Nxc3 11. Nxc3 Be7 12. O-O
O-O 13. Bd2 Qc7 14. Qf3 f5 15. Rad1 fxg4 16. Qxg4 Nc6 17. Be3 Bd7 18. Qg3 Qxg3
19. fxg3 Rxf1+ 20. Kxf1 Be8 $11 {1/2 (42) Kokarev,D (2616)-Fedoseev,V (2506)
Samara 2012}) (9... Nxc3 {Black will have to hope, that he can hold a slightly
worse endgame type position. Understandably the line is not very appealing for
really strong players.} 10. Qxd8+ Kxd8 11. Nxc3 Bd7 12. Be3 (12. Bg2 Bc6 13.
O-O Bxg2 14. Kxg2 Nd7 15. Ne4 Rc8 16. Rd1 Ke8 17. Be3 Be7 18. c3 $14 {1/2 (60)
Sokolov,A (2575)-Weber,U (2420) Bad Wiessee 2012}) 12... Bc6 13. O-O-O+ Nd7 14.
Rg1 Kc7 15. Bf4+ Kb6 16. Bg2 Be7 17. Ne4 Rad8 18. Nd6 Bxd6 19. Rxd6 Nf6 20.
Rxd8 Rxd8 21. g5 Nh5 22. Be3+ Kc7 23. Bxc6 Kxc6 $11 {1/2 (51) Amonatov,F (2643)
-Vorobiov,E (2606) Ulan Ude 2009}) 10. g5 {The g-pawn advance may seem to be
quite timid, but White is not able to get an advantage with an immediate
action in the centre.} (10. Nxd5 exd5 11. g5 (11. Nf4 hxg4 12. Qxd5 Bd7 (12...
Nc6 13. Qxd8+ (13. Bc4 Qe7+ 14. Be3 Nb4 15. Qd2 Bf5 $15) 13... Nxd8 14. Nd5 Bd6
15. Nb6 Rb8 16. Nxc8 Rxc8 17. c3 Ke7 $11) 13. Bc4 Qe7+ 14. Be3 Bc6 15. Qf5 Qb4+
16. c3 Qxc4 17. Qc8+ Ke7 18. O-O-O $18 Nd7 19. Rxd7+ Kf6 20. Bd4+ Kg5 21. Rd5+
{1-0 (21) Sutovsky,E (2675)-Najer,E (2663) Netanya 2009}) 11... Be7 12. Nf4
Bxg5 13. Qxd5 Nc6 14. c3 Qe7+ 15. Be2 Bxf4 16. Bxf4 Be6 17. Qd3 g5 18. Bd6 Qf6
19. O-O-O (19. Bc7 Rc8 20. Bb6 Ne5 $11) 19... O-O-O 20. Qe3 Rd7 $2 (20... Bxa2
$1 21. Bh2 Qf5 $11) 21. Bh2 $16 {1-0 (32) Nepomniachtchi,I (2729)-Popov,V 
(2565) Aix-les-Bains 2011}) 10... Bd6 $1 {[%mdl 4] It has to be stressed, that
development of the bishop to b8-h2 diagonal is the main conceptual idea of the
9...h5 advance.} (10... Qa5 11. Bg2 Nxc3 12. Nxc3 Nc6 13. O-O Be7 14. Ne4 Qc7
15. Be3 $14) 11. Nxd5 exd5 12. Bg2 O-O 13. O-O {White is living with a
seriously exposed pawn structure on the kingside. That simple fact greatly
complicates any ideas of his early action in the centre.} (13. Qxd5 Nc6 14. Be3
Be6 $11) 13... Nc6 (13... Be6 14. Nf4 Nc6 15. Qxh5 $14) 14. Qxd5 $6 {Anand had
only a slight chance of deciphering the problems of this unknown position. The
most natural solution might not be the best and both knight moves to f4 or c3
should have been preferred.} (14. Nf4 Qxg5 15. Qxd5 (15. Nxd5 $2 Qg6 $17) 15...
Qxd5 16. Nxd5 Nd4 $11) (14. Nc3 d4 15. Nd5 Bf5 16. c3 Re8 17. cxd4 Be4 $11)
14... Be6 $6 {Taking the h3-pawn would have promised Black somewhat better
chances!} (14... Bxh3 $1 15. Bf4 (15. Bxh3 $2 Bh2+ 16. Kxh2 Qxd5 $19) (15. Rd1
Qc8 16. Be3 Be5 $15) 15... Bxg2 16. Kxg2 Bxf4 17. Nxf4 Qb6 18. Nxh5 (18. Rh1
Rfd8 19. Qb3 Qxb3) 18... Rad8 19. Qb3 Qc5 $15) 15. Qf3 (15. Qe4 Re8 16. Qh4 Qa5
17. Qxh5 Bc4 18. Be3 g6 19. Qg4 Ne5 20. Qd4 Rad8 $11) 15... Re8 16. Be3 {
Anand Understands very well, that he should finish his development first,
otherwise counterplay from centralised black pieces could become dangerous.} (
16. Qxh5 Bc4 17. Re1 Nb4 18. b3 Nxc2 19. bxc4 g6 20. Qh4 Nxe1 21. Bb2 Be5 22.
Bxe5 Rxe5 23. Rxe1 Qd2 24. Kf1 Rae8 25. Bf3 Rxg5 26. Bxb7 Rxe2 27. Rxe2 Qd1+
28. Re1 Qd3+ $11) 16... Bc4 17. Rfe1 (17. Rfd1 $2 Ne5 $19) 17... Nb4 18. Rac1 (
18. Nd4 $5 g6 19. Qxb7 Rb8 20. Nc6 Rxb7 21. Nxd8 Rd7 22. Nb7 Nxc2 23. Rec1 Nxe3
24. fxe3 Be6 25. Bc6 Rxb7 26. Bxb7 Rb8 27. Bxa6 Rxb2 28. Bc4 $14) 18... Be5 (
18... Qa5 19. Red1 (19. Bd2 Qe5 $1 (19... Qxa2 20. Qxh5 Qxb2 21. g6 fxg6 22.
Qg4 $1 $16) 20. Bf4 Bxe2 21. Bxe5 Bxf3 22. Bxd6 Rxe1+ 23. Rxe1 Bxg2 24. Kxg2
Nxc2 25. Re7 Rd8 $11) 19... Rad8 20. Nf4 $14) 19. Nc3 {The early middlegame
seems to become quite dangerous for Gelfand. White could have opted for the
promising and logical centralisation of the rook 19.Red1!} (19. Red1 $1 Qe7 20.
a3 Nc6 21. b3 Bxe2 22. Qxe2 g6 23. Qc4 $14) 19... Bxc3 20. bxc3 Bd5 21. Qxh5
Bxg2 22. Kxg2 $2 {Any exception from the rules is not trivial even for the
best players in the world. Objectively speaking White should have preferred
taking the knight on b4 and leaving his king somewhat exposed. Unfortunatelly
for Black all the lines are indicating serious problems for him.} (22. cxb4 $1
Be4 (22... Qd5 23. c4 Qc6 24. b5 axb5 25. cxb5 Qf3 26. Qxf3 Bxf3 27. Kh2 (27.
Ra1 Ra5 28. a4 Re4) 27... Rxa2 28. Kg3 Be4 29. Rc7 $16) (22... Bc6 23. Rcd1 Qc8
24. Rd4 $16) 23. Qg4 Qd6 24. c3 $16) 22... Qd5+ 23. Kg1 (23. Qf3 Qxf3+ 24. Kxf3
Nxa2 25. Rb1 Nxc3 26. Rxb7 Rac8 $14) 23... Nc6 $1 {The knight retreats to the
centre with the idea of ...Ne5 instead of the possible, but definitely more
dangerous capture on a2.} (23... Nxa2 24. Rcd1 Qf5 25. Bd4 b5 26. Re3 $14) 24.
Red1 (24. Bf4 g6 25. Qg4 Qc4 26. Qf3 Qxa2 $11) 24... Qxa2 25. g6 fxg6 26. Qxg6
Qf7 $6 {Safety first especially against the tactically very gifted world
champion! Unfortunately we have to note that queen retreat was not the best
solution. The move 26...Ne5! would toy with similar ideas under better
circumstances for Black.} (26... Ne5 $1 27. Qg2 (27. Qg3 Qf7 28. f4 Nc6 $11)
27... Qf7 28. Qd5 Rac8 29. Qxf7+ Kxf7 30. Bd4 Re6 $11) 27. Qxf7+ Kxf7 28. Rb1
b5 (28... Re7 29. Bc5 Rc7 30. Bb6 Re7 31. Kg2 $14) 29. c4 $1 b4 {Gelfand is
logically taming the beast of the enemy's initiative. He is sitting without a
pawn and his knight is a weaker piece than the white bishop. Fortunately for
him all the white pawns are isolated, which will prove to be an important
factor in Black's defence.} (29... bxc4 30. Rb7+ Re7 31. Rb6 Ne5 32. Rd5 a5 33.
Rbb5 Nc6 34. Rdc5 $14) 30. c3 bxc3 (30... a5 31. cxb4 axb4 32. Bc5 Rad8 33.
Rxd8 Rxd8 34. Rb3 Rd1+ 35. Kg2 Rc1 36. Bxb4 Rxc4 $14) 31. Rbc1 Red8 32. Rxd8
Rxd8 (32... Nxd8 33. Rxc3 a5 34. Bc1 a4 35. Kf1 Ne6 36. Ke2 $14) 33. Rxc3 a5
34. Kf1 {The verdict in the position should acknowledge White's edge, but also
note excellent drawing chances for Black.} (34. Ra3 Rb8 35. Bd2 Ne5 36. Bxa5
Nxc4 37. Rf3+ Ke6 38. Bc3 $14) 34... Ke6 35. Ke2 Rh8 (35... Nd4+ 36. Kf1 Nc6
$14) 36. Bb6 Rh4 37. Re3+ (37. c5 Kd5 38. Rg3 a4 $11) 37... Kf5 38. Ra3 Rxc4
39. Bxa5 Nxa5 40. Rxa5+ Kf6 41. Ra6+ Kf5 42. Kf3 1/2-1/2